000 00250nam a22001097a 4500
082 _a823
_bSLI/R
100 _aDISNEY, WALT
245 _aTHE RUN WAY WOLF CUB
260 _aNEW YORK
_bWALT DISNEY
650 _aENGLISH SHORT STORY
_zNEW YORK
942 _cBK
999 _c2715
_d2715